Name All Countries Containing The Letter P - Statistics

General Stats
  • This quiz has been taken 195 times
  • The average score is 15 of 22
Answer Stats
Country % Correct
Portugal
98%
Peru
90%
Poland
89%
Paraguay
85%
Panama
83%
Papua New Guinea
83%
Palau
82%
Philippines
82%
Pakistan
79%
Spain
74%
Democratic Republic of the Congo
72%
Japan
71%
Dominican Republic
67%
Republic of the Congo
67%
Central African Republic
63%
Egypt
63%
Nepal
63%
Cyprus
52%
São Tomé and Príncipe
51%
Ethiopia
50%
Singapore
42%
Palestine
17%
No matching quizzes found
Score Distribution
Percent of People with Each Score
Percentile by Number Answered
Your Score History
You have not taken this quiz